مكتبة جامعة عجلون الوطنية

فهرس بحث المكتبة

Normal view MARC view
  • العقد الالكتروني-حق المستهلك

Entry Topical Term

Number of records used in: 1

001 - CONTROL NUMBER

  • control field: 61321

003 - CONTROL NUMBER IDENTIFIER

  • control field: JO-AjAnu

005 - DATE AND TIME OF LATEST TRANSACTION

  • control field: 20230606084024.0

008 - FIXED-LENGTH DATA ELEMENTS

  • fixed length control field: 230606|| aca||aabn | a|a d

040 ## - CATALOGING SOURCE

  • Original cataloging agency: JO-AjAnu
  • Transcribing agency: JO-AjAnu

150 ## - HEADING--TOPICAL TERM

  • Topical term or geographic name entry element: العقد الالكتروني-حق المستهلك

670 ## - SOURCE DATA FOUND

  • Source citation: Work cat.: (JO-AjAnu)31279: إعداد ابو قمر، حنان يوسف عبدالله؛ اشراف محمد بني مقداد, author 61320, حق المستهلك في العدول عن العقد الالكتروني = The Consume,s Right to Withdraw from the Electronic Contract